| 000 | 00383nam a22001697a 4500 | ||
|---|---|---|---|
| 003 | SGT | ||
| 020 | _a9789392544293 | ||
| 082 |
_a615.53 _bD24V |
||
| 100 | _aVAIDYA, BHISMA | ||
| 245 | _aDRAVYANAMA KARANIGHANTUH | ||
| 250 | _a1ST | ||
| 260 |
_aNEW DELHI _bCCRAS _c2024 |
||
| 300 | _a256 | ||
| 650 | _aAYURVEDA | ||
| 653 | _aDRAVYANAMA, KARANIGHANTUH, NIGHANTUH | ||
| 942 |
_2ddc _cBK |
||
| 999 |
_c34710 _d34710 |
||